01765agaaa2200301 45000010005000000030009000050050017000140070009000310080040000400400023000800410013001031000048001161300018001642450196001822500022003782600135004003000033005355080213005685110091007815200233008725380016011055460013011216500061011347000080011957000060012757000066013357000062014019104IT-RoPAU20220918181227.0d cvaizq50131s9999||||xx ||| | || ||und|| aIT-RoPAUcIT-RoPAU aITALIANO aMonicelli MariogCodice regista SPICS: 3641 aPADRI E FIGLI aPADRI E FIGLIcProdotto da: Giambartolomei Guido -- Sceneggiatura: Age-Scarpelli Benvenuti Monicelli Mario -- Diretto da: Monicelli MariopPADRI E FIGLI (Rif. Codice opera principale : 29104) aEdizione Standard aROMA - PARIGI (ITALIA - FRANCIA)bROYAL FILM - FILMEL LYRICA / Distribuzione: RAIg"1957 (1° ed.: 1985 ; Ed. Lingua Orig.: 1957)" aVHSbsonoro, col.c90 minuti a"Fotografia: Barboni Leonida; Musica: Cicognini Alessandro = (Cini A. 13532); Sceneggiatura: Age-Scarpelli Benvenuti Monicelli Mario; Scenografia: Gherardi Piero; Soggetto: Monicelli Mario -- Monicelli Mario" a"De; Sica Vittorio; Mastroianni Marcello; Lualdi Antonella; Interlenghi F.; Merlini M" aPERIPEZIE DI UNA GIOVANE COPPIA DI STUDENTI LICEALI: IL PADRE DI LEI NON SI OPPONE MA L'ALTRO MEDICO DI PRESTIGIO NON NE E' AFFATTO CONTENTO DOPO NUMEROSI E DIVERTENTI EPISODI TUTTO FINIRA' PER IL MEGLIO COMMEDIA IN BIANCO ENERO aPAL, STEREO aITALIANO aCOMMEDIA SOCIALeFILMS [VHS]xCodice MATERIA SPICS: 9960 aCicognini Alessandro = (Cini A. 13532)e(musica)gCodice Musica SPICS: 8029 aMonicelli Mario e(regista)gCodice regista SPICS: 3641 aMonicelli Mario e(soggetto)gCodice Soggetto 2° SPICS: 3641 aMonicelli Mario e(soggetto)gCodice Soggetto SPICS: 3641